000 00339nam a2200121Ia 4500
008 240731s9999 xx 000 0 und d
022 _a2052-3963
245 0 _aBusiness and Management Education in HE : An International Journal
260 _bRoutledge
856 _uhttps://www.tandfonline.com/loi/rhep18
942 _2ddc
942 _cTFEJ
999 _c75721
_d75721
945 _a1
_bMadushi Gamage
_c1
_dMadushi Gamage